China law digest

Detalles Bibliográficos
Formato: Desconocido
Lenguaje:inglés
Publicado: Madison (Wisconsin) : China law digest
Materias:
Acceso en línea:Acceso restringido

MARC

LEADER 00000ny a22000003n 4500
005 20110510141754.0
008 950713c19uu9999us mr 0 b eng
035 |a 2467 
040 |d vLex 
090 |c 1571  |d 1571 
245 3 0 |a China law digest  |h [Recurso electrn̤ico] 
256 |a Servicio en ln̕ea 
260 |a Madison (Wisconsin) :   |b China law digest 
506 1 |a Contenido solo disponible en los productos indicados  |d vLex Global  |d vLex Global (Academic Edition, excluding Law Schools)  |d vLex Global (U.S. Academic Edition, Law Schools)  |d vLex Global (U.S. Academic Edition, excluding Law Schools)  |d vLex Global (Academic Edition, Law Schools) 
650 0 4 |a Derecho  |z China  |x Publicaciones perid̤icas 
740 0 |a vLex Revista (Servicios en ln̕ea) 
843 |a Electrn̤ica. Abierta 
853 |8 1  |i (year)  |j (month)  |k (day) 
856 4 0 |u http://vlex.com/source/2467  |z Acceso restringido 
942 |c REV